000
00329nam a22001337a 4500
005
20240705122410.0
008
240705b |||||||| |||| 00| 0 eng d
041
_a
eng
100
_a
KATDARE, INDUMATI
_9
8434
245
_a
AATMATATWA KA VISTAR
260
_a
JODHPUR
_b
SHIKSHA BHARTI SHIKSHA SANSTHAN
300
_a
40;p
942
_c
BK
999
_c
8535
_d
8533